Manažérstvo kvality systémy, princípy, postupy

Bibliographic Details
Main Author: Konečný, Vladimír, 1978- (Author)
Format: Book
Language:Slovak
PhysicalDescription:185 strán grafy, schémy, tabuľky 25 cm
Published: Žilina EDIS - vydavateľské centrum ŽU Žilinská univerzita v Žiline 2017
ISBN:9788055414065
Edition:1. vydanie
Series:Vysokoškolské učebnice
Subjects:

MARC

LEADER 00000cam a2200000 4500
001 vtls011752612
003 SK-MaSNL
005 20260301100156.0
008 200205s2017 xo dl ernp 000 0 slo
015 |a SNBA2018/11 
020 |a 9788055414065  |q (brožované) 
035 |a urn:nbn:sk:snk-am00d8a9 
035 |a urn:nbn:sk:snk-am3ht1m 
035 |a 5995CC23-25D4-4B23-93D5-22B7ABA9821D 
040 |a SNK  |b slo  |c SNK  |e rda 
041 0 |a slo 
044 |a xo  |c SK 
072 7 |a 005  |x Manažment. Riadenie  |2 konspekt 
080 |a 005  |2 2011 
080 |a 005.6  |2 2011 
080 |a (075.8)  |2 2011 
100 1 |a Konečný, Vladimír,  |d 1978-  |4 aut  |9 193213 
245 1 0 |a Manažérstvo kvality  |b systémy, princípy, postupy  |c Vladimír Konečný 
250 |a 1. vydanie 
264 1 |a Žilina  |b EDIS - vydavateľské centrum ŽU  |b Žilinská univerzita v Žiline  |c 2017 
300 |a 185 strán  |b grafy, schémy, tabuľky  |c 25 cm 
336 |a text  |b txt  |2 rdacontent 
337 |a bez média  |b n  |2 rdamedia 
338 |a zväzok  |b nc  |2 rdacarrier 
366 |e 175 kusov 
490 1 |a Vysokoškolské učebnice 
504 |a Bibliografia na strane 181-185 ; zoznam skratiek 
650 0 7 |a manažment  |2 SNKPH  |9 922 
650 0 7 |a manažment kvality  |2 SNKPH  |9 932 
650 0 7 |a Management  |2 SNKPHeng  |9 265406 
650 0 7 |a Quality management  |2 SNKPHeng  |9 276990 
655 7 |a učebnice vysokých škôl  |2 SNKPH  |9 70191 
655 7 |a Textbooks (higher)  |2 SNKPHeng  |9 276436 
810 2 |a Žilinská univerzita v Žiline  |t Vysokoškolské učebnice  |9 176451 
852 |a Štátna vedecká knižnica v Banskej Bystrici 
919 |a 978-80-554-1406-5 
958 |a NB 
999 |c 685442  |d 687372 
952 |a SNK  |b SNK  |y PREZ  |7 0  |p 17A1349958  |o snkSC 181681  |i snk2018/24575  |8 0  |0 0  |1 0  |4 0  |d 2018-11-20  |f 1  |l 0  |r 2026-02-23 20:10:28  |w 2026-02-23 
952 |a SNK  |b SNK  |y VYP  |7 0  |p 17A1349959  |o snkSC 181681 D1  |i snk2018/24576  |8 0  |0 0  |1 0  |4 0  |d 2018-11-20  |l 0  |r 2026-02-23 20:10:28  |w 2026-02-23